Score 0/16 Timer 02:00
0 Plays Today
Clue 5-Letter Rung % Correct
Fruit from a vineGRAPE
96.4%
Where one places a headstoneGRAVE
94.3%
Trickles from a leaky faucetDRIPS
90.6%
To complainGRIPE
89.4%
GraspsGRIPS
87.6%
Apples: Orchard :: Oranges: _____GROVE
83.4%
♪ _____ of Jupiter ♪- DROPS -
81.7%
Birds in a murderCROWS
77.8%
Clue 5-Letter Rung % Correct
Part of the central nervous systemBRAIN
77%
To name the winnerCROWN
71.9%
Muscular strengthBRAWN
71.9%
Cuts offCROPS
71.1%
To cook meat by sautéing or fryingBROWN
69.2%
♪ _____ By ♪- DRIVE -
56.1%
♪ Artist ♪- TRAIN -
55.2%
A herd or flockDROVE
53.9%

Today's Daily Dose

Remove Ads.
Support Sporcle.
Get the best of Sporcle when you Go Orange. This ad-free experience offers more features, more stats, and more fun while also helping to support Sporcle. Thank you for becoming a member.

You're not logged in!

Compare scores with friends on all Sporcle quizzes.
OR
Log In

Show Comments

Extras

Top Quizzes Today


Score Distribution

Your Account Isn't Verified!

In order to create a playlist on Sporcle, you need to verify the email address you used during registration. Go to your Sporcle Settings to finish the process.

Report this User

Report this user for behavior that violates our Community Guidelines.

Details: